[Event "NED-ch 2006"]
[Site "Hilversum"]
[Date "2006.06.28"]
[Round "10"]
[White "Bosch, Jeroen"]
[Black "Nijboer, Friso"]
[Result "0-1"]
[WhiteElo "2465"]
[BlackElo "2584"]
[PlyCount "100"]
[EventDate "2006.06.17"]
[Source "ChessBase"]
[SourceDate "2006.07.31"]

1. d4 Nf6 2. c4 g6 3. Nc3 Bg7 4. e4 d6 5. f3 O-O 6. Nge2 c5 7. d5 e6 8. Ng3
exd5 9. cxd5 h5 10. Bg5 Qb6 11. Qd2 Nh7 12. Bh4 f6 13. Nge2 Nd7 14. Bf2 Ne5 15.
Nf4 Bh6 16. Be3 f5 17. Be2 fxe4 18. Nxe4 Bf5 19. Ne6 Bxe3 20. Qxe3 Bxe6 21.
dxe6 Qb4+ 22. Qc3 Qxc3+ 23. bxc3 Rae8 24. O-O-O Rxe6 25. Nxd6 b6 26. Bb5 Kg7
27. Rhe1 h4 28. Re4 h3 29. f4 Rxd6 30. Rxd6 hxg2 31. Rd1 Nf3 32. Re7+ Rf7 33.
Rxf7+ Kxf7 34. Bc6 g1=Q 35. Rxg1 Nxg1 36. Kd2 Nh3 37. Ke3 g5 38. fxg5 N3xg5 39.
h4 Ne6 40. Ke4 Nf6+ 41. Ke5 Ke7 42. Bf3 Nc7 43. c4 Nd7+ 44. Kf5 Ne6 45. Bd1
Nd4+ 46. Ke4 Ke6 47. Bg4+ Kd6 48. Bd1 Ne5 49. h5 Ke6 50. Kf4 Nxc4 0-1

[Event "NED-ch 2006"]
[Site "Hilversum"]
[Date "2006.06.28"]
[Round "10"]
[White "Visser, Yge"]
[Black "Smeets, Jan"]
[Result "1-0"]
[WhiteElo "2480"]
[BlackElo "2535"]
[PlyCount "249"]
[EventDate "2006.06.17"]
[Source "ChessBase"]
[SourceDate "2006.07.31"]

1. e4 e5 2. Nf3 Nc6 3. Bb5 a6 4. Ba4 Nf6 5. O-O Nxe4 6. d4 b5 7. Bb3 d5 8. dxe5
Be6 9. Qe2 Be7 10. Rd1 Na5 11. Nbd2 Nc5 12. Nd4 O-O 13. c3 Ncxb3 14. N2xb3 Nxb3
15. axb3 c5 16. Nc6 Qc7 17. Nxe7+ Qxe7 18. Rd3 Rfe8 19. Bf4 Qh4 20. Qd2 a5 21.
Re1 b4 22. Bg5 Qh5 23. Rg3 Kh8 24. Qf4 h6 25. Bf6 Rg8 26. Be7 bxc3 27. Rxc3 c4
28. bxc4 dxc4 29. Qd4 Rab8 30. Ra3 Rb5 31. Bd6 Rd5 32. Qb6 Ra8 33. h3 Rd2 34.
Kh2 Kh7 35. Qb7 Bd5 36. Qb6 Qf5 37. Bc5 Re8 38. Rg3 Re6 39. Qxa5 Rc2 40. Qd8
Bc6 41. Qd4 h5 42. Qh4 Rg6 43. Bd4 Rxg3 44. Qxg3 Rd2 45. Be3 Rxb2 46. e6 f6 47.
e7 Be8 48. Rc1 Qe4 49. Qf4 Qxf4+ 50. Bxf4 Rxf2 51. Rxc4 Kg8 52. Bd6 Kf7 53. h4
Rd2 54. Bb4 Rb2 55. Re4 Bc6 56. e8=Q+ Bxe8 57. Re7+ Kg6 58. Rxe8 Rxb4 59. g3
Kf5 60. Kh3 Rb5 61. Rh8 Kg6 62. Ra8 Kf5 63. Rh8 Ke6 64. Re8+ Kf7 65. Re3 Re5
66. Ra3 Ke6 67. Ra7 g6 68. Ra6+ Kf5 69. Ra3 Rb5 70. Rf3+ Ke5 71. Re3+ Kd4 72.
Re6 Rf5 73. Kg2 Kd5 74. Re8 Re5 75. Rg8 Ke6 76. Ra8 Kf5 77. Ra4 Re4 78. Ra5+
Kg4 79. Ra2 Rb4 80. Rc2 Ra4 81. Rb2 f5 82. Rc2 Rb4 83. Ra2 Rc4 84. Rb2 Ra4 85.
Rc2 f4 86. gxf4 Ra3 87. Rc4 Ra2+ 88. Kf1 Kf3 89. Rc3+ Kxf4 90. Rc6 Kf5 91. Rc5+
Kf6 92. Rc4 Rd2 93. Rf4+ Ke5 94. Ra4 Rd4 95. Ra5+ Kf6 96. Ra6+ Kg7 97. Kg2 Rxh4
98. Kg3 Rb4 99. Rc6 Kh6 100. Rd6 Rb5 101. Rc6 Kg5 102. Rd6 Rb3+ 103. Kf2 h4
104. Rb6 Kh5 105. Rxb3 Kg4 106. Kg2 Kf4 107. Rb4+ Kf5 108. Kh3 g5 109. Rb5+ Kf4
110. Rb4+ Kf5 111. Rc4 Kf6 112. Kg4 Ke5 113. Rc5+ Kd4 114. Rxg5 Ke4 115. Rh5
Kd4 116. Rxh4 Ke4 117. Rh7 Ke5 118. Re7+ Kf6 119. Re2 Kf7 120. Kg5 Kg7 121.
Re7+ Kf8 122. Kf6 Kg8 123. Rd7 Kh8 124. Kg6 Kg8 125. Rd8# 1-0

[Event "NED-ch 2006"]
[Site "Hilversum"]
[Date "2006.06.28"]
[Round "10"]
[White "Werle, Jan"]
[Black "L'Ami, Erwin"]
[Result "1-0"]
[WhiteElo "2529"]
[BlackElo "2565"]
[PlyCount "97"]
[EventDate "2006.06.17"]
[Source "ChessBase"]
[SourceDate "2006.07.31"]

1. Nf3 d5 2. d4 Nf6 3. c4 c6 4. Nc3 e6 5. Bg5 dxc4 6. e4 b5 7. e5 h6 8. Bh4 g5
9. Nxg5 hxg5 10. Bxg5 Nbd7 11. g3 Bb7 12. Bg2 Qb6 13. exf6 O-O-O 14. O-O c5 15.
d5 b4 16. Na4 Qb5 17. a3 exd5 18. axb4 cxb4 19. Be3 Nc5 20. Qg4+ Rd7 21. Nxc5
Bxc5 22. Qg7 Rhd8 23. Bh3 Kc7 24. Bxd7 Rxd7 25. Bxc5 Qxc5 26. Rae1 d4 27. Re7
Qd5 28. f3 d3 29. Qg4 Bc6 30. Qf4+ Kb6 31. Rxd7 Bxd7 32. Qb8+ Qb7 33. Qd6+ Kb5
34. Qe5+ Kb6 35. Qd6+ Kb5 36. Qe5+ Kb6 37. Qe7 Kb5 38. Qxf7 d2 39. Qh5+ Ka4 40.
f7 Qb6+ 41. Kg2 Qd6 42. g4 c3 43. bxc3 bxc3 44. Qh7 d1=Q 45. Rxd1 Qxd1 46. Qe4+
Kb3 47. f8=Q Qd2+ 48. Kg3 c2 49. Qb8+ 1-0

[Event "NED-ch 2006"]
[Site "Hilversum"]
[Date "2006.06.29"]
[Round "11"]
[White "L'Ami, Erwin"]
[Black "Tiviakov, Sergei"]
[Result "0-1"]
[WhiteElo "2565"]
[BlackElo "2669"]
[Annotator "Tiviakov"]
[PlyCount "70"]
[EventDate "2006.06.17"]
[Source "ChessBase"]
[SourceDate "2006.07.31"]

1. d4 Nf6 2. c4 e6 3. Nf3 b6 4. g3 Bb7 5. Bg2 Be7 6. O-O c6 $5 7. Nc3 d5 8. Bf4
O-O 9. Ne5 Nh5 $5 10. Qa4 $146 Bd6 $5 (10... a6 11. Qb3 (11. Be3 b5 12. cxb5
cxb5 13. Qb3 (13. Qc2 Nd7 $11) 13... Nc6 $11) (11. Bd2 b5 12. cxb5 cxb5 13. Qb3
(13. Qc2 Nc6 $11 (13... Nd7 $5)) 13... Nc6 $11) 11... b5 12. c5 a5 $13 (12...
Nd7 $5)) (10... Nxf4 11. gxf4 f6 12. Nd3 f5 13. Ne5 Bd6 $14) 11. Rfd1 (11. Rac1
Nxf4 12. gxf4 Qh4 $5 (12... f6 13. Nd3 f5 14. Ne5 $14) 13. e3 Ba6 14. b3 $13) (
11. Be3 $5 $14) 11... Nxf4 12. gxf4 f6 13. Nd3 f5 $11 14. Ne5 Kh8 (14... g5 $5)
(14... Bxe5 15. fxe5 $14 (15. dxe5 $5)) 15. e3 (15. cxd5 cxd5 $11) 15... Bxe5 (
15... g5 $5) 16. dxe5 (16. fxe5 $5 f4 17. exf4 Rxf4 18. Ne2 Rh4 $13) 16... Nd7
(16... g5 $5 $132 {<->g}) 17. cxd5 cxd5 18. Rac1 (18. Nb5 $4 Bc6 $19) 18... Nc5
19. Qd4 g5 $6 (19... Ba6 $142 $11 {(><b5)} 20. b4 Ne4) 20. Nb5 (20. b4 $142 Ne4
21. Nb5 gxf4 22. exf4 {(/\f3, ><Ne4)} (22. f3 fxe3 (22... Ng5 23. exf4 Nf7 24.
Nc7 $18) 23. fxe4 f4 $1 $44) 22... Rg8 23. f3 Qe8 24. Nc7 (24. Nd6 Qg6 25. Rc2
Nxd6 26. exd6+ Rg7 $13) 24... Qh5 25. Nxa8 (25. fxe4 Rxg2+ 26. Kxg2 Qe2+ $19) (
25. Nxe6 Qg6 26. Ng5 Nxg5 27. fxg5 Qxg5 $11) 25... Qxf3 26. Rc2 Bxa8 $44) 20...
gxf4 21. Qxf4 $6 (21. exf4 $142 Rg8 22. Nd6 Rg7 23. Kh1 $13) 21... Rg8 22. Nd6
$6 (22. f3 Qe7 23. Nd6 Rg6 24. Kh1 Rag8 $36 {<->g}) 22... Qe7 23. b4 (23. f3
Rg6 $36) 23... Rg4 24. Qxg4 $8 (24. Qf3 Ne4 $19) 24... fxg4 25. bxc5 bxc5 26.
Rxc5 Ba6 (26... Rf8 $5 27. Rdc1 Ba6 (27... Qh4 $5 28. Nxb7 (28. R1c2 Ba6 $17)
28... Qxf2+ 29. Kh1 Qxe3 $17) 28. Rc6 Qh4 $5 29. Rxa6 (29. R1c2 Qh5 $17) 29...
Qxf2+ 30. Kh1 Qxe3 31. Rg1 $17) 27. Rd4 (27. Rdc1 Rf8 {- 26...Rf8} (27... Rd8
28. Rc6 Bb7 (28... Bc4 29. Nxc4 dxc4 30. R6xc4 $11) 29. R6c5 $15 (29. Rc7 Rd7
30. R7c3 $15 (30. Rxd7 Qxd7 $17)))) 27... Rb8 $5 (27... Be2 28. Rf4 Rb8 29. Rc1
Kg8 $15) (27... Qg7 28. Rf4 Rb8 29. Rc1 $132) 28. Rc1 Rf8 29. Rxg4 Bd3 {
[|^<->g]} 30. Rf4 $2 (30. Rg3 $15) (30. f4 $15) 30... Rxf4 31. exf4 Bg6 (31...
h5 $5 $17) 32. Re1 (32. Rc8+ Kg7 33. Rb8 Kh6 34. Rb7 Qh4 $17) 32... Qf8 $2 (
32... Qc7 $142 $19 {o^d5}) 33. Bh3 $2 (33. f5 exf5 $8 (33... Bxf5 34. Rc1 $18
Kg7 35. Rc8 Qe7 36. Rc7 Qxc7 37. Ne8+ $18) 34. Bxd5 f4 $15) 33... Qxf4 34. Bxe6
d4 35. Bb3 d3 0-1

[Event "NED-ch 2006"]
[Site "Hilversum"]
[Date "2006.06.29"]
[Round "11"]
[White "Smeets, Jan"]
[Black "Bosch, Jeroen"]
[Result "1/2-1/2"]
[WhiteElo "2535"]
[BlackElo "2465"]
[PlyCount "38"]
[EventDate "2006.06.17"]
[Source "ChessBase"]
[SourceDate "2006.07.31"]

1. e4 e5 2. Nf3 Nc6 3. d4 exd4 4. Nxd4 Bb4+ 5. c3 Bc5 6. Be3 Bb6 7. Qg4 Qf6 8.
Qg3 Qg6 9. Nd2 Nge7 10. Bc4 Nxd4 11. cxd4 d6 12. O-O c6 13. Qf4 O-O 14. Qh4 Bd8
15. Qf4 d5 16. exd5 Nxd5 17. Bxd5 cxd5 18. Nb1 Be6 19. Nc3 Rc8 1/2-1/2

[Event "NED-ch 2006"]
[Site "Hilversum"]
[Date "2006.06.29"]
[Round "11"]
[White "Van der Wiel, John"]
[Black "Werle, Jan"]
[Result "1/2-1/2"]
[WhiteElo "2511"]
[BlackElo "2529"]
[PlyCount "52"]
[EventDate "2006.06.17"]
[Source "ChessBase"]
[SourceDate "2006.07.31"]

1. e4 e5 2. Nf3 Nc6 3. Bb5 a6 4. Ba4 Nf6 5. O-O Be7 6. Re1 b5 7. Bb3 d6 8. c3
O-O 9. d4 Bg4 10. Be3 exd4 11. cxd4 d5 12. e5 Ne4 13. h3 Bh5 14. g4 Bg6 15. Nh2
Bb4 16. f3 Bxe1 17. Qxe1 Nc5 18. dxc5 Nxe5 19. Bd4 Nd3 20. Qd2 Qe7 21. Bc2 Nxb2
22. Bxg6 Nc4 23. Bxh7+ Kxh7 24. Qd3+ Kg8 25. Nc3 c6 26. Ne2 Qc7 1/2-1/2